[Event "Amantea op-B 7th"]
[Site "Amantea"]
[Date "2009.09.04"]
[Round "5"]
[White "Grudina, Marco"]
[Black "Montalbano, Federico"]
[Result "1-0"]
[WhiteElo "1882"]
[BlackElo "1509"]
[PlyCount "139"]
[EventDate "2009.08.31"]
[EventType "swiss"]
[EventRounds "8"]
[EventCountry "ITA"]
[SourceTitle "CBM 132 Extra"]
[Source "ChessBase"]
[SourceDate "2009.11.03"]
[SourceVersion "1"]
[SourceVersionDate "2009.11.03"]
[SourceQuality "1"]

1. e4 e6 2. d4 d5 3. Nc3 Nf6 4. e5 Nfd7 5. Qg4 c5 6. dxc5 Nxe5 7. Qg3 Ng6 8. Nb5 Na6 9. h4 Bd7 10. h5 Bxc5 11. hxg6 fxg6 12. Rxh7 0-0 13. Qxg6 Qf6 14. Qxf6 Rxf6 15. Rh1 Bxf2+ 16. Kd1 Bxg1 17. Rxg1 Rxf1+ 18. Rxf1 Bxb5 19. Rf3 Nc5 20. Be3 Ne4 21. Bd4 a6 22. c3 Re8 23. Be5 Rf8 24. Rxf8+ Kxf8 25. Kc2 Kf7 26. Rh1 Nf2 27. Rh8 Ng4 28. Bf4 e5 29. Rh4 Bd7 30. Bc1 e4 31. Rh1 Bf5 32. Kb3 e3 33. Re1 Be4 34. g3 Bd3 35. Bxe3 Bc4+ 36. Kc2 Nf6 37. Bf4 Ne4 38. b3 Bb5 39. c4 Bc6 40. cxd5 Bxd5 41. Kd3 Nf6 42. Kd4 Bc6 43. Bg5 Nd7 44. a3 Nf8 45. Rf1+ Ke8 46. Ke5 Nh7 47. Be3 Nf6 48. Bf4 Kd7 49. Rd1+ Ke8 50. Bg5 Nd7+ 51. Kd6 Nb6 52. a4 Nd7 53. Re1+ Kf8 54. a5 Nf6 55. Bxf6 gxf6 56. Ke6 Kg7 57. Rf1 Be4 58. b4 f5 59. Rxf5 Kg6 60. Rf4 Bg2 61. Kd6 Bc6 62. Rc4 Bf3 63. Kc7 Bg2 64. Kb8 Bf1 65. Rc7 Kg5 66. Rxb7 Kg4 67. Rg7+ Kf5 68. Ka7 Kf6 69. Rb7 Kg5 70. Rb6 1-0